000 01313nam2a22002771 4500
001 v19\rc\1444241
005 20250618135009.0
035 _a(NLR Aleph) 004586509
090 _a2599873
_c2599873
100 _a20060620d1887 |||y0rusy50 ca
101 0 _arus
102 _aRU
105 _aa z 001yy
200 1 _a[Правительствующий Сенат
_aМинистерство Юстиции]
_eисправлен по 10-е января
210 _d1887
_aБ. м.
215 _a182, [5], XXXI, IV с.
_d18
316 _aЭкз. РНБ с рукоп. пометами в тексте
_5NLR
320 _aАлф. указ.: с. I-XXXI 2-й паг.
461 0 _1001v19\rc\1444230
_12001#$aСписок чинам ведомства Министерства юстиции$v1887, ч. 1
_92599733
_aРоссия. Министерство юстиции
_cСанктпетербург [Санкт-Петербург]
_d1872-1913
_nпечатано в Типографии Правительствующаго Сената
_tСписок чинам ведомства Министерства юстиции
_v1887, ч. 1
801 0 _aRU
_bNLR
_gpsbo
801 0 _aRU
_bRuMoRGB
_2psbo
801 1 _aRU
_bProSoft-M
_2rusmarc
852 _aNLR
_j19.129.1.1(1887-1)
942 _cBOOK
980 _aNB